00495nam a2200169 a 450000100060000000300090000600800410001502000150005604000280007108200160009910000440011524500370015926000750019630000110027149000230028265000200030516498CO-ViMGA141112s2004 ck r 000 u spa d a8888405011 aCO-ViMGAbspacCO-ViMGA04a853.9 A762c1 aAsociación de escritores de Bolonia, 10aCarretera central : bVia Emilia aCesena (Italia) : bMinistero peri benie le attivita culturali, c2001 a112.p. aUn mar de sueños14aNOVELA ITALIANA